<?xml version="1.0" encoding="UTF-8"?>
<record
    xmlns:xsi="http://www.w3.org/2001/XMLSchema-instance"
    xsi:schemaLocation="http://www.loc.gov/MARC21/slim http://www.loc.gov/standards/marcxml/schema/MARC21slim.xsd"
    xmlns="http://www.loc.gov/MARC21/slim">

  <leader>02251cam a2200289   4500500</leader>
  <controlfield tag="005">20251228073439.0</controlfield>
  <datafield tag="041" ind1=" " ind2=" ">
    <subfield code="a">fre</subfield>
  </datafield>
  <datafield tag="042" ind1=" " ind2=" ">
    <subfield code="a">dc</subfield>
  </datafield>
  <datafield tag="100" ind1="1" ind2="0">
    <subfield code="a">Besse, Maria Graciete</subfield>
    <subfield code="e">author</subfield>
  </datafield>
  <datafield tag="245" ind1="0" ind2="0">
    <subfield code="a">Le texte fulgurant de Maria Gabriela Llansol entre nomadisme et d&#xE9;possession</subfield>
  </datafield>
  <datafield tag="260" ind1=" " ind2=" ">
    <subfield code="c">2007.
							</subfield>
  </datafield>
  <datafield tag="500" ind1=" " ind2=" ">
    <subfield code="a">10</subfield>
  </datafield>
  <datafield tag="520" ind1=" " ind2=" ">
    <subfield code="a">R&#xE9;sum&#xE9;Dans la litt&#xE9;rature portugaise contemporaine, l&#x2019;&#x153;uvre de Maria Gabriela Llansol (1931) dessine une cartographie hostile &#xE0; toute forme de repr&#xE9;sentation et d&#x2019;orthodoxie g&#xE9;n&#xE9;rique. Produite sous le signe de la rupture et travers&#xE9;e par un certain nombre de figures mystiques (Ma&#xEE;tre Eckhart, saint Jean de la Croix, Al Hall&#xE2;j), elle d&#xE9;veloppe souvent des fulgurations (cenas-fulgor) qui traduisent la discontinuit&#xE9; temporelle, la jubilation du fragmentaire et l&#x2019;exp&#xE9;rience nomade de l&#x2019;intranquillit&#xE9;, si ch&#xE8;re &#xE0; Fernando Pessoa. Par un mouvement de d&#xE9;territorialisation, l&#x2019;instance &#xE9;nonciative se d&#xE9;ploie entre l&#x2019;intime et l&#x2019;extime, la fascination et la perte, pour cr&#xE9;er une &#xE9;piphanie du visible o&#xF9; se joue sans cesse la possibilit&#xE9; de l&#x2019;extase.</subfield>
  </datafield>
  <datafield tag="520" ind1=" " ind2=" ">
    <subfield code="a">Within contemporary Portuguese literature, Maria Gabriela Llansol&#x2019;s works draw a map hostile to all generic charting and categories of orthodox representations. Her work originating from an act of rupture and visited by a great number of mystics (Eckhart, Saint John of the Cross, Al Hall&#xE2;j) produces many &#x2018;cenas fulgor&#x2019; which convey a sense of temporal discontinuity, manifest a taste for fragmentation and express the nomadic experience of &#x2018;un-quietness&#x2019;, so familiar to Pessoa. Through deterritorialisation, the enuciative agency wavers between intimacy and ex-timacy, fascination and loss to create an epiphany akin to ecstasy.</subfield>
  </datafield>
  <datafield tag="690" ind1=" " ind2=" ">
    <subfield code="a">&#xE9;criture</subfield>
  </datafield>
  <datafield tag="690" ind1=" " ind2=" ">
    <subfield code="a">extase</subfield>
  </datafield>
  <datafield tag="690" ind1=" " ind2=" ">
    <subfield code="a">jubilation</subfield>
  </datafield>
  <datafield tag="690" ind1=" " ind2=" ">
    <subfield code="a">litt&#xE9;rature portugaise</subfield>
  </datafield>
  <datafield tag="690" ind1=" " ind2=" ">
    <subfield code="a">Llansol</subfield>
  </datafield>
  <datafield tag="690" ind1=" " ind2=" ">
    <subfield code="a">ecstasy</subfield>
  </datafield>
  <datafield tag="690" ind1=" " ind2=" ">
    <subfield code="a">jubilation</subfield>
  </datafield>
  <datafield tag="690" ind1=" " ind2=" ">
    <subfield code="a">Llansol</subfield>
  </datafield>
  <datafield tag="690" ind1=" " ind2=" ">
    <subfield code="a">Portuguese literature</subfield>
  </datafield>
  <datafield tag="690" ind1=" " ind2=" ">
    <subfield code="a">writing</subfield>
  </datafield>
  <datafield tag="786" ind1="0" ind2=" ">
    <subfield code="n">Savoirs et clinique | 8 | 1 | 2007-10-18 | p. 127-133 | 1634-3298</subfield>
  </datafield>
  <datafield tag="856" ind1="4" ind2="1">
    <subfield code="u">https://shs.cairn.info/revue-savoirs-et-cliniques-2007-1-page-127?lang=fr&amp;redirect-ssocas=7080</subfield>
  </datafield>
  <datafield tag="999" ind1=" " ind2=" ">
    <subfield code="c">1595224</subfield>
    <subfield code="d">1595224</subfield>
  </datafield>
</record>
